[Event "Commonwealth-ch"]
[Site "Nagpur"]
[Date "2008.10.02"]
[Round "6"]
[White "Mitali, Madhukar Patil"]
[Black "Anantharam, RU."]
[Result "1-0"]
[WhiteElo "1957"]
[BlackElo "1782"]
[PlyCount "43"]
[EventDate "2008.09.28"]
[EventType "swiss"]
[EventRounds "11"]
[EventCountry "IND"]
[SourceTitle "CBM 126 Extra"]
[Source "ChessBase"]
[SourceDate "2008.11.05"]
[SourceVersion "1"]
[SourceVersionDate "2008.11.05"]
[SourceQuality "1"]

1. e4 c5 2. Nc3 Nc6 3. f4 g6 4. Nf3 Bg7 5. Bb5 Nd4 6. 0-0 Nxb5 7. Nxb5 d5 8. exd5 Bf5 9. Re1 a6 10. Nc3 Nf6 11. Qe2 b5 12. Ne5 Qc7 13. Nc6 e6 14. Ne5 h5 15. dxe6 fxe6 16. d3 h4 17. Ne4 Nd5 18. c4 Nxf4 19. Bxf4 Bxe5 20. Nf6+ Kf7 21. Bxe5 Qb7 22. Ne4 1-0

[Event "Commonwealth-ch"]
[Site "Nagpur"]
[Date "2008.10.01"]
[Round "5"]
[White "Anantharam, RU."]
[Black "Girish, A Koushnik"]
[Result "0-1"]
[WhiteElo "1782"]
[BlackElo "2108"]
[PlyCount "54"]
[EventDate "2008.09.28"]
[EventType "swiss"]
[EventRounds "11"]
[EventCountry "IND"]
[SourceTitle "CBM 126 Extra"]
[Source "ChessBase"]
[SourceDate "2008.11.05"]
[SourceVersion "1"]
[SourceVersionDate "2008.11.05"]
[SourceQuality "1"]

1. e4 c5 2. Nf3 d6 3. d4 cxd4 4. Nxd4 Nf6 5. Nc3 g6 6. f3 Bg7 7. Be3 0-0 8. Qd2 Nc6 9. g4 Be6 10. 0-0-0 Nxd4 11. Bxd4 Qa5 12. a3 Rab8 13. h4 Rfc8 14. Nd5 Qxd2+ 15. Rxd2 Bxd5 16. exd5 b5 17. Bxa7 Ra8 18. Bd4 b4 19. Rd3 bxa3 20. bxa3 Ra5 21. Kb2 Rxd5 22. c3 Rb5+ 23. Ka2 Ra5 24. Bb6 Ra6 25. Rxd6 exd6 26. Bxa6 Rc6 27. Rb1 Nd5 0-1

[Event "Commonwealth-ch"]
[Site "Nagpur"]
[Date "2008.09.28"]
[Round "1"]
[White "Anantharam, RU."]
[Black "Praveen Kumar, Chandrasekar"]
[Result "0-1"]
[WhiteElo "1782"]
[BlackElo "2302"]
[PlyCount "70"]
[EventDate "2008.09.28"]
[EventType "swiss"]
[EventRounds "11"]
[EventCountry "IND"]
[SourceTitle "CBM 126 Extra"]
[Source "ChessBase"]
[SourceDate "2008.11.05"]
[SourceVersion "1"]
[SourceVersionDate "2008.11.05"]
[SourceQuality "1"]

1. e4 e6 2. d4 d5 3. Nc3 Bb4 4. e5 c5 5. a3 Bxc3+ 6. bxc3 Ne7 7. Qg4 0-0 8. Bd3 f5 9. Qg3 Nbc6 10. Nf3 Qa5 11. Bd2 Qa4 12. Ra2 cxd4 13. 0-0 dxc3 14. Bxc3 Bd7 15. Bd2 Rac8 16. h3 Ng6 17. Re1 Nd4 18. Nxd4 Qxd4 19. c3 Qc5 20. h4 Bb5 21. Bxb5 Qxb5 22. h5 Ne7 23. Bh6 Rf7 24. Bg5 Qb3 25. Rae2 Rxc3 26. Re3 d4 27. Rxc3 Qxc3 28. f3 f4 29. Qh4 Nf5 30. Qf2 Ne3 31. h6 d3 32. Bxf4 d2 33. Rxe3 d1Q+ 34. Kh2 Qcc1 35. Kg3 Qcd2 0-1